Lives in the making ; aims and ways of character education /

Bibliographic Details
Main Author: Neumann, Henry, 1882-1966
Format: Book
Language:English
Published: New York, London : D. Appleton and company, [1932]
Subjects:

MARC

Tag First Indicator Second Indicator Subfields
LEADER 00000cam a2200000 4500
001 in00000081442
005 20151008052954.0
008 760521s1932 nyu b 00000 eng
010 |a  32002448  
035 |a (OCoLC)02186170 
035 |9 AAH5689AM 
040 |a DLC  |c TOL  |d TXA  |d UtOrBLW 
049 |a TXAM  |c [51053] 
050 0 0 |a LC268  |b .N43 
082 0 |a 377.2 
092 |a 377.2  |b N492 
100 1 |a Neumann, Henry,  |d 1882-1966. 
245 1 0 |a Lives in the making ;  |b aims and ways of character education /  |c by Henry Neumann... 
264 1 |a New York,  |a London :  |b D. Appleton and company,  |c [1932] 
264 4 |c [©1932] 
300 |a xiv pages, 1 leaf, 369 pages, 1 unnumbered page ;  |c 20 cm. 
336 |a text  |b txt  |2 rdacontent 
337 |a unmediated  |b n  |2 rdamedia 
338 |a sheet  |b nb  |2 rdacarrier 
500 |a Published also, with slight change in preface, under title: Lives in the making; aims and ways of character building. 
500 |a "Reading list": pages 353-[366]. 
650 0 |a Moral education. 
650 0 |a Character. 
650 0 |a Child rearing. 
999 |a MARS 
999 f f |s daa81bdb-0711-3b0f-8c40-83072b680e33  |i 599b62ab-eaf8-311a-ba28-fee3d1707e17  |t 0 
952 f f |p normal  |a Texas A&M University  |b College Station  |c Sterling C. Evans Library  |d Evans: Library Stacks  |t 0  |e LC268 .N43  |h Library of Congress classification  |i unmediated -- sheet  |m A14800859765 
998 f f |a LC268 .N43  |t 0  |l Evans: Library Stacks